| 000 | 01102nam a22002657a 4500 | ||
|---|---|---|---|
| 999 |
_c3631 _d3631 |
||
| 003 | AR-CdUCM | ||
| 008 | 190307b ||||| |||| 00| 0 spa d | ||
| 040 |
_aMUNICIPALIDAD PROVINCIAL DEL CUSCO _cBIBLIOTECA MUNICIPAL DEL CUSCO |
||
| 082 |
_a372.07 / _bD93 |
||
| 100 |
_aDottrens, Robert _911837 |
||
| 245 | _aDidáctica para la escuela primaria / | ||
| 260 |
_aBuenos Aires : _bEUDEBA, _bUNESCO, _c1981. |
||
| 300 |
_a416 páginas ; _c23 cm. |
||
| 505 | _aContenido: El objetivo de la educación en la democracia -- Las condiciones actualaes de la vida social -- La preparación para la vida de mañana -- La educación enseñar a conducirse -- La enseñanza: enseñar a aprender -- La enseñanza de la lengua materna -- Metodología de las enseñanzas fundamentales ... | ||
| 650 |
_aEducación primaria _91561 |
||
| 650 |
_aMetodología _92264 |
||
| 650 |
_aEnseñanza _91616 |
||
| 650 |
_aAprendizaje _92143 |
||
| 700 |
_aMaillo, Adolfo _911838 |
||
| 700 |
_aMialaret, Gaston _911839 |
||
| 700 |
_aRay, Michael _911840 |
||
| 700 |
_aRast, Edmond _911841 |
||
| 942 |
_2ddc _cLIBROS |
||
| 945 | _azta | ||